000
00336nam a2200145Ia 4500
008
240624s9999 xx 000 0 und d
041
_a
eng
082
_a
519.5 BYR
100
_a
BYRNE DAVID
245
_a
CLUSTER ANALYSIS
260
_c
2012
_a
London
_b
Sage
300
_a
xxxi, : 381 : p. : cm. ; 23
365
_c
GBP
_b
38
440
_v
4
999
_c
24147
_d
24147